Logo CIB grande

PROTECTIVE RELAYS: THEIR THEORY AND PRACTICE (Registro nro. 210831)

Detalles MARC
000 -LEADER
campo de control de longitud fija 00485nam a2200193Ia 4500
005 - FECHA Y HORA DE LA ÚLTIMA TRANSACCIÓN
campo de control 20250425161522.0
008 - DATOS DE LONGITUD FIJA--INFORMACIÓN GENERAL
campo de control de longitud fija 250425s9999 xx 000 0 und d
020 ## - NÚMERO INTERNACIONAL ESTÁNDAR DEL LIBRO
Número Internacional Estándar del Libro 412090600
041 ## - CÓDIGO DE IDIOMA
Código de lengua del texto/banda sonora o título independiente eng
082 ## - NÚMERO DE LA CLASIFICACIÓN DECIMAL DEWEY
Número de clasificación 621.317
010 ## - NÚMERO DE CONTROL DE LA BIBLIOTECA DEL CONGRESO
Número de control de LC 22097
100 ## - ENTRADA PRINCIPAL--NOMBRE DE PERSONA
Nombre de persona WARRINGTON, ALBERT RUSSELL VAN CORTLANDT
245 #0 - MENCIÓN DEL TÍTULO
Título PROTECTIVE RELAYS: THEIR THEORY AND PRACTICE
250 ## - MENCION DE EDICION
Mención de edición 2ND ED.
260 ## - PUBLICACIÓN, DISTRIBUCIÓN, ETC.
Lugar de publicación, distribución, etc. LONDON
260 ## - PUBLICACIÓN, DISTRIBUCIÓN, ETC.
Lugar de publicación, distribución, etc. Reino Unido
Nombre del editor, distribuidor, etc. CHAPMAN & HALL
Fecha de publicación, distribución, etc. 1968
300 ## - DESCRIPCIÓN FÍSICA
Extensión 484
942 ## - ELEMENTOS DE ENTRADA SECUNDARIOS (KOHA)
Tipo de ítem Koha Libros
Existencias
Estatus retirado Estado de pérdida Estado de daño No para préstamo Biblioteca de origen Biblioteca actual Fecha de adquisición Coste, precio normal de compra Total de préstamos Código de barras Copia número Tipo de ítem Koha
        CENTRO DE INFORMACIÓN BIBLIOTECARIA CENTRO DE INFORMACIÓN BIBLIOTECARIA 07/07/2003 0.01   4363 1 Libros

Copyright 2025 ESPOL. Todos los derechos reservados.